000 00931nam a2200253Ia 4500
003 OSt
005 20220923211127.0
006 a|||||r|||| 00| 0
007 ta
008 220922b |||||||| |||| 00| 0 hin d
020 _a8183151299 (hbk)
_c500
024 _a245,054
037 _b290, 13/12/2010, Vidyanidhi Prakashan
_cTextual
040 _aARTS
_cARTS
_bhin
041 _2hin
_ahin
082 _aQ25:21, 152Q0
100 _aशर्मा, चारू
_9156324
245 0 _aश्री दुर्गासप्तशती के योग रहस्य
246 _aShrī durgāsaptashatī ke yog rahasya
260 _aदिल्ली
_b न्यू भारतीय बुक कार्पोरेशन
_c2010
300 _a338पृ.
_ccm.
942 _hQ25:21, 152Q0
_cTEXL
_2CC
999 _c295682
_d295682